Statistiques concernant Effectif de Saint-Etienne 2022-2023

Cliquez ici pour prendre le quiz!

Statistiques générales

  • Ce quiz a été pris 161 fois
  • Le résultat moyen est 18 sur 26

Statistiques - réponses

HintRéponse% Correct
GBEtienne Green
98%
GBGautier Larsonneur
96%
MCBenjamin Bouchouari
89%
DCAnthony Briançon
88%
BUJean-Philippe Krasso
88%
MDMathieu Cafaro
87%
GBBoubacar Fall
85%
GBMathieu Dreyer
84%
BUIbrahima Wadji
83%
DCMickaël Nadé
82%
DDDennis Appiah
78%
DCLéo Pétrot
78%
DGNiels Nkounkou
78%
BUGaëtan Charbonnier
73%
MCDylan Chambost
72%
MCVictor Lobry
72%
MCAymen Moueffek
71%
DCSaïdou Sow
71%
MCThomas Monconduit
69%
DCJimmy Giraudon
63%
MCLamine Fomba
54%
ADKader Bamba
50%
ADLenny Pintor
43%
MCLouis Mouton
36%
AGAyman Aïki
35%
DCMateo Pavlovic
23%

Distribution des résultats

Percentile par nombre de réponses

% des personnes avec chaque résultat

Votre développement - résultats

Vous n’avez pas pris ce quiz